Impuesto del timbre sobre el tráfico mercantil / (Record no. 147282)

MARC details
000 -LEADER
campo de control de longitud fija 00567nam a2200181 i 4500
001 - NÚMERO DE CONTROL
campo de control 147282
003 - IDENTIFICADOR DE NÚMERO DE CONTROL
campo de control ES-MaACL
005 - FECHA Y HORA DE LA ÚLTIMA TRANSACCIÓN
campo de control 20230906201917.0
007 - CAMPO FIJO DE DESCRIPCIÓN FÍSICA--INFORMACIÓN GENERAL
campo de control de longitud fija t|
008 - DATOS DE LONGITUD FIJA--INFORMACIÓN GENERAL
campo de control de longitud fija 070925s1956 sp ||||1| spa d
100 1# - ENTRADA PRINCIPAL--NOMBRE DE PERSONA
Nombre de persona Ugalde, Rafael.
9 (RLIN) 111884
245 10 - MENCIÓN DEL TÍTULO
Título Impuesto del timbre sobre el tráfico mercantil /
Mención de responsabilidad, etc. Rafael Ugalde, Juan Larrinaga.
260 ## - PUBLICACIÓN, DISTRIBUCIÓN, ETC.
Lugar de publicación, distribución, etc. [Bilbao :
Nombre del editor, distribuidor, etc. s.n.],
Fecha de publicación, distribución, etc. 1956 (
Fabricante Gráf. Ellacuria)
300 ## - DESCRIPCIÓN FÍSICA
Extensión 473 p. ;
Dimensiones 21 cm.
650 ## - PUNTO DE ACCESO ADICIONAL DE MATERIA--TÉRMINO DE MATERIA
Término de materia o nombre geográfico como elemento de entrada Timbre (Impuesto)-
Subdivisión geográfica España.
9 (RLIN) 161971
700 1# - ENTRADA AGREGADA--NOMBRE PERSONAL
Nombre de persona Larrinaga, Juan.
9 (RLIN) 70352
852 ## - LOCALIZACIÓN
Ubicación ES-MaACL
Número de control de estantería C-11329
Sublocalización o colección R.39418
Holdings
Estatus retirado Estado de pérdida Estado de daño No para préstamo Biblioteca de origen Biblioteca actual Ubicación en estantería Fecha de adquisición Fuente de adquisición Total de préstamos Signatura topográfica completa Código de barras Visto por última vez Precio de reemplazo Tipo de ítem Koha
        Biblioteca del Ateneo de Madrid Biblioteca del Ateneo de Madrid Sala Palomar 17/01/2008     C-11329 1153701 23/02/2023 23/02/2023 Libro impreso